000 01444nam a2200325Ia 4500
001 ebr10141901
003 CaPaEBR
006 m u
007 cr cn|||||||||
008 850809s1985 onca s 000 1 eng d
020 _z0886290252 (cloth)
020 _z0886290279 (paper)
040 _aCaPaEBR
_cCaPaEBR
035 _a(OCoLC)144143535
050 1 4 _aPR3326.B37
_bE5 1985eb
100 1 _aBrooke, Frances,
_d1724?-1789.
245 1 4 _aThe history of Emily Montague
_h[electronic resource] /
_cby Frances Brooke ; edited by Mary Jane Edwards.
260 _a[Ottawa :
_bCarleton University Press ;
_aDon Mills, Ontario :
_bDistributed by Oxford University Press Canada,
_c1985.
300 _alxxi, 459 p. :
_bill.
490 1 _aCentre for Editing Early Canadian Texts ;
_vCEECT 1
500 _aReprint. Originally published: London : J. Dodsley, 1769. With editor's introd.
533 _aElectronic reproduction.
_bPalo Alto, Calif. :
_cebrary,
_d2009.
_nAvailable via World Wide Web.
_nAccess may be limited to ebrary affiliated libraries.
650 0 _aEnglish literature.
650 0 _aEpistolary fiction, English.
655 7 _aElectronic books.
_2local
700 1 _aEdwards, Mary Jane.
710 2 _aebrary, Inc.
830 0 _aCentre for Editing Early Canadian Texts series ;
_v1.
856 4 0 _uhttp://site.ebrary.com/lib/rucke/Doc?id=10141901
_zAn electronic book accessible through the World Wide Web; click to view
999 _c90067
_d90067